| 000 | 01442nam a22003857a 4500 | ||
|---|---|---|---|
| 001 | 000099832 | ||
| 003 | CHAP | ||
| 005 | 20220329143422.0 | ||
| 008 | 090601s2002 mx a r 00010 spa d | ||
| 010 | _a96296 | ||
| 011 | _a97268 | ||
| 035 | _a107932 | ||
| 040 | _cCHAP | ||
| 082 | 0 | 4 |
_a631.597274 _bUa1 |
| 110 | 2 |
_aUACH. _bDepartamento de Preparatoria Agrícola. Área de Agronomía _9115813 |
|
| 245 | 1 | 0 |
_aReporte del viaje de estudios a la comunidad de Collantes municipio de Pinotepa Nacional, Oaxaca, del 20 al 29 de abril de 2002 / _c/por José Manuel Arceo Arceo. |
| 260 |
_aChapingo, Méx. : _bUACH. Departamento de Preparatoria Agrícola, _c2002. |
||
| 300 |
_a110 h. : _bilus., cuadros, diagramas, ilus. |
||
| 590 |
_aBATCH-UPD _b10 _c20130110 _lUCH01 _h0849 |
||
| 590 |
_aBATCH-UPD _b10 _c20130410 _lUCH01 _h0522 |
||
| 590 |
_aBATCH-UPD _b10 _c20140805 _lUCH01 _h1149 |
||
| 590 |
_aCONVERSION _b10 _c20130109 _lUCH01 _h1353 |
||
| 590 |
_aE11695DGD _b10 _c20141027 _lUCH01 _h1357 |
||
| 650 | 1 | 4 |
_aAgricultura _xEstudio y ensenanza. _91474 |
| 650 | 1 | 4 |
_aAgricultura _xInvestigación. _91577 |
| 650 | 1 | 4 |
_aAgricultura _xOaxaca. _91756 |
| 650 | 1 | 4 |
_aComunidades rurales. _926254 |
| 650 | 1 | 4 |
_aViajes de estudio. _9119036 |
| 700 | 0 |
_aArceo Arceo, Jose Manuel. _96783 |
|
| 901 | _aBK | ||
| 911 | _aen proceso | ||
| 942 | _cLIBRO | ||
| 942 | _n0 | ||
| 949 |
_a631.597274 Ua1 _bBC _cUACH _d33724002079652 _eUACH _gDonaciØn _h110726 _i107932 _sb |
||
| 999 |
_c96296 _d96296 |
||